Concise encyclopedia of plant pathology

This comprehensive volume covers the entire field of plant pathology. It does not merely define the numerous subjects covered (297 topics carefully arranged in 38 sections!) but describes them in detail. Each section of this book serves as a comprehensive overview of a given area, providing breadth...

Πλήρης περιγραφή

Αποθηκεύτηκε σε:
Λεπτομέρειες βιβλιογραφικής εγγραφής
Κύριος συγγραφέας: Vidhyasekaran, P.
Μορφή: Βιβλίο
Γλώσσα:Undetermined
Έκδοση: New York Food Products Press 2004
Θέματα:
Ετικέτες: Προσθήκη ετικέτας
Δεν υπάρχουν, Καταχωρήστε ετικέτα πρώτοι!
Thư viện lưu trữ: Trung tâm Học liệu Trường Đại học Cần Thơ
LEADER 01121nam a2200229Ia 4500
001 CTU_192212
008 210402s9999 xx 000 0 und d
082 |a 632.303 
082 |b V648 
100 |a Vidhyasekaran, P. 
245 0 |a Concise encyclopedia of plant pathology 
245 0 |c P. Vidhyasekaran 
260 |a New York 
260 |b Food Products Press 
260 |c 2004 
520 |a This comprehensive volume covers the entire field of plant pathology. It does not merely define the numerous subjects covered (297 topics carefully arranged in 38 sections!) but describes them in detail. Each section of this book serves as a comprehensive overview of a given area, providing breadth of coverage for students and depth of coverage for research professionals. 
526 |a Chiến lược quản lý bệnh hại cây trồng,Chiến lược quản lý bệnh hại cây trồng 
526 |b XH684,NN623 
650 |a Plant diseases,Bệnh cây 
650 |x Encyclopedias,Bách khoa toàn thư 
910 |a Hải 
980 |a Trung tâm Học liệu Trường Đại học Cần Thơ